000 00899nam a2200265Ia 4500
003 OSt
005 20220930080442.0
006 a|||||r|||| 00| 0
007 ta
008 220926b |||||||| |||| 00| 0 eng d
024 _a88125
037 _cTheses
040 _aCRL
_cCRL
_beng
041 _2eng
_aeng
100 _aMahajan Alka
_9538951
110 _aUniversity of Delhi. Faculty of Technology. Department of Electronic and Communication Engineering
_9538952
245 0 _aSome studies of active power filter
260 _c2006
650 _aELECTRICAL ENGINEERING
700 _a Dr. Bhim Singh Gu.
_9538953
700 _a Dr. Pramod Kumar Gu.
_9538954
700 _aUniversity of Delhi. Faculty of Technology. Department of Electronic and Communication Engineering
_9538955
942 _cDIS
_2CC
999 _c869881
_d869881